| 000 | 00895nas a2200301 4500 | ||
|---|---|---|---|
| 001 | BR2012000508 | ||
| 003 | BR-BrBNA | ||
| 005 | 20231205120019.0 | ||
| 007 | ta | ||
| 008 | 230509b bl.|||p| |||| 00| 00por d | ||
| 040 |
_aBR-BrBNA _bpor _cBiblioteca Nacional de Agricultura |
||
| 041 | _a(Pt) | ||
| 072 | _aP40 | ||
| 100 | 1 | _aStreck, N.A. | |
| 100 | 1 | _aGabriel, L.F. | |
| 100 | 1 | _aBuriol,G.A. | |
| 100 | 1 | _aHeldwein, A.B. | |
| 100 | 1 | _aPaula, G.M. de | |
| 245 | 1 | _aVariabilidade interdecadal na série secular de temperatura do ar em Santa Maria, RS | |
| 650 | _aTEMPERATURA | ||
| 650 | _aACLIMATAÇÃO | ||
| 650 | _aCLIMA | ||
| 650 | _aCLIMATOLOGIA | ||
| 650 | _aRIO GRANDE DO SUL | ||
| 773 | 0 |
_tPesquisa Agropecuária Brasileira (Brazil) _xISSN 0100-204X _g(Aug 2011), v. 46(8) p. 781-790 _wBR2012000508 |
|
| 909 |
_a202311 _bLúcia _c55 _dLúcia Elande |
||
| 942 |
_2AGRIS _n0 _cANA |
||
| 999 |
_c216683 _d216683 |
||